000 00927nam1a22002651i 4500
001 v19\rc\1797121
005 20260406114446.0
035 _a(NLR Aleph) 005251805
090 _a5811683
_c5811683
100 _a20061204g19051909|||y0rusy50 ca
101 1 _arus
_ceng
102 _aRU
105 _a z |||||
200 1 _aПолное собрание сочинений
_eТ. 1-8
_fОскар Уайльд
210 _aМосква
_cВ.М. Саблин
_d1905-1909
215 _a8 т.
_d19
300 _aЧастное загл. каждого тома на отд. тит. л.
700 1 _8rus
_7ca
_aУайльд
_bО.
_f1854-1900
_gОскар
_3RU\NLR\AUTH\77290
_9110346
801 2 _aRU
_bNLR
_c20090506
_2rusmarc
801 0 _aRU
_bNLR
_c20061204
_gpsbo
801 0 _aRU
_bRuMoRGB
_c20061204
_2psbo
801 1 _aRU
_bProSoft-M
_c20061204
_2rusmarc
852 _aNLR
_j38.62.1.51
852 _aNLR
_j+Шифры разные
942 _cBOOK